[Event "BRA-ch U18 Girls"]
[Site "Aracaju"]
[Date "2024.05.22"]
[Round "3"]
[White "De Moura, Alanna Cristina Lim"]
[Black "Dias, Clara"]
[Result "0-1"]
[WhiteElo "1720"]
[BlackElo "2022"]
[PlyCount "104"]
[EventDate "2024.05.22"]
[EventType "swiss"]
[EventRounds "6"]
[EventCountry "BRA"]
[SourceTitle "CB22_2024"]
[SourceDate "2024.05.29"]
[SourceVersion "1"]
[SourceVersionDate "2024.05.29"]
[SourceQuality "1"]

1. e4 c5 2. f4 d6 3. Bc4 Nc6 4. Nc3 g6 5. Nf3 Bg7 6. 0-0 e6 7. a3 Nge7 8. d3 0-0 9. Ne2 b6 10. Ng3 Qc7 11. Nh4 d5 12. Ba2 dxe4 13. Nxe4 Nd4 14. g4 Rd8 15. f5 exf5 16. Ng5 Rf8 17. gxf5 Nexf5 18. c3 Nxh4 19. Bxf7+ Kh8 20. Bf4 Qc6 21. Rf2 Bb7 22. Ne4 Rxf7 23. cxd4 Raf8 24. Qg4 Bxd4 25. Be5+ Bxe5 26. Rxf7 Rxf7 27. Qxh4 Bxb2 28. Rf1 Bd4+ 29. Kg2 Rxf1 30. Kxf1 Qe6 31. Qd8+ Kg7 32. Qc7+ Qf7+ 33. Qxf7+ Kxf7 34. Nd6+ Ke6 35. Nxb7 Kd7 36. Nxc5+ Bxc5 37. Ke2 Bxa3 38. Ke3 Bd6 39. h3 a5 40. Kd2 a4 41. Kc2 a3 42. Kb1 b5 43. Ka2 Kc6 44. Kb3 Kd5 45. Kc2 Kd4 46. Kb3 Kxd3 47. Ka2 Kc3 48. Kb1 Kb3 49. Ka1 Be5+ 50. Kb1 Bf4 51. Ka1 a2 52. h4 Be5# 0-1